000 00611cam a2200205 4500500
005 20260405003818.0
041 _afre
042 _adc
100 1 0 _aDuru, Martin
_eauthor
245 0 0 _aMes labyrinthes. Vivre avec la différence
260 _c2023.
500 _a59
690 _aAnxiété
690 _aAutisme
690 _aLabyrinthe
690 _aLittérature
690 _aPhénoménologie
786 0 _nPhilosophie magazine | 175 | 12 | 2023-12-01 | p. 58-58 | 1951-1787
856 4 1 _uhttps://shs.cairn.info/magazine-philosophie-magazine-2023-12-1-page-58?lang=fr&redirect-ssocas=7080
999 _c2071045
_d2071045